| 000 | 00734nam a2200229 a 4500 | ||
|---|---|---|---|
| 999 |
_c10509 _d10509 |
||
| 001 | 10509 | ||
| 003 | BD-JhCC | ||
| 005 | 20180430182422.0 | ||
| 008 | 180430s1968 nbu |||| |||| 000 0 eng d | ||
| 035 | _a(BD-JhCC)10509 | ||
| 040 |
_aBD-JhCC _dBD-JhCC |
||
| 041 | _aeng | ||
| 082 |
_a800 _bROB 1968 |
||
| 100 | _aROberts, James L. | ||
| 245 |
_aTartuffe & The miser : _b notes, including introduction, lists of characters, general plot summaries, summaries and commentaries, character analyses, review questions / _cJames L. Roberts, |
||
| 260 |
_aUSA : _bCliff's notes, _c1968 |
||
| 300 |
_a77 p. : _c21 cm. |
||
| 504 | _aIncludes bibliography | ||
| 650 | _aAvare (Molière) | ||
| 650 | _aTartuffe (Molière) | ||
| 942 |
_2ddc _cBK |
||